| 000 | 00342nam a2200145Ia 4500 | ||
|---|---|---|---|
| 008 | 230917s9999||||xx |||||||||||||| ||und|| | ||
| 040 |
_e44109 _aMAIN |
||
| 041 | _aEnglish | ||
| 082 | _a410 S38S | ||
| 100 | _aSrivastava, R N | ||
| 245 | 0 | _aApplied linguistics V4. | |
| 260 |
_aDelhi _bKalinga _c1994 |
||
| 300 | _axii, 36gp p. | ||
| 942 | _cBK | ||
| 999 |
_c95548 _d95548 |
||